000
00309nam a2200133Ia 4500
008
191201s2013 xx 000 0 und d
100
_a
SCHILLER, Jochen
245
0
_a
Mobile Communications
250
_a
IMP
260
_a
N. Delhi
_b
Pearson
_c
2013
300
_a
492
650
_a
M.Tech(CSE)
942
_2
ddc
_c
BK
999
_c
5765
_d
5765